|
|
|
|
| LEADER |
00000naa2a2200000 4500 |
| 001 |
438106 |
| 005 |
20231101080736.0 |
| 035 |
|
|
|a (RuTPU)RU\TPU\prd\99357
|
| 035 |
|
|
|a RU\TPU\prd\99347
|
| 090 |
|
|
|a 438106
|
| 100 |
|
|
|a 20110215a1996 k y0rusy50 ca
|
| 101 |
0 |
|
|a rus
|
| 102 |
|
|
|a RU
|
| 200 |
1 |
|
|a Мочевины в органическом синтезе
|h 11
|i Реакции арилкарбинолов с карбамидами в синтезе биологически активных арилметилмочевин
|f А. А. Бакибаев
|
| 461 |
|
0 |
|0 (RuTPU)RU\TPU\prd\162
|t Журнал органической химии
|f Российская академия наук (РАН) ; Отделение общей и технической химии
|d 1965-
|
| 463 |
|
0 |
|0 (RuTPU)RU\TPU\prd\96847
|t Т. 32, вып. 10
|v С. 1486-1490
|d 1996
|
| 610 |
1 |
|
|a труды учёных ТПУ
|
| 700 |
|
1 |
|a Бакибаев
|b А. А.
|c химик
|c профессор Томского политехнического университета, доктор химических наук
|f 1960-
|g Абдигали Абдиманапович
|2 stltpush
|3 (RuTPU)RU\TPU\pers\27073
|
| 801 |
|
1 |
|a RU
|b 63413507
|c 20110215
|
| 801 |
|
2 |
|a RU
|b 63413507
|c 20111221
|g RCR
|
| 942 |
|
|
|c BK
|